Root cause (Record no. 72144)
[ view plain ]
| 000 -LEADER | |
|---|---|
| fixed length control field | 01010cam a2200253 4500 |
| 001 - CONTROL NUMBER | |
| control field | ABS66412 |
| 008 - FIXED-LENGTH DATA ELEMENTS--GENERAL INFORMATION | |
| fixed length control field | 030224n2003 000 0 eng u |
| 035 ## - SYSTEM CONTROL NUMBER | |
| System control number | (Sirsi) u121413 |
| 100 ## - MAIN ENTRY--PERSONAL NAME | |
| Personal name | Clark, T. |
| 245 ## - TITLE STATEMENT | |
| Title | Root cause |
| 260 ## - PUBLICATION, DISTRIBUTION, ETC. | |
| Date of publication, distribution, etc. | 2003 |
| 490 ## - SERIES STATEMENT | |
| Series statement | Letting Update Journal |
| Volume/sequential designation | 10(4) January 2003, 18-20(3) |
| 520 ## - SUMMARY, ETC. | |
| Summary, etc. | Looks at how trees can cause disputes and damage property. Examines tree law, nuisances caused by branches and roots, subsidence caused by trees, rights of light matters and tree removal and preservation order issues. Includes recommended tree planting distances and a table of approximate safe distances of trees from buildings. Case law, further information and tables. |
| 590 ## - LOCAL NOTE (RLIN) | |
| Local note | ABS |
| 650 ## - SUBJECT ADDED ENTRY--TOPICAL TERM | |
| Topical term or geographic name entry element | TREES |
| 650 ## - SUBJECT ADDED ENTRY--TOPICAL TERM | |
| Topical term or geographic name entry element | TREE ROOTS |
| 650 ## - SUBJECT ADDED ENTRY--TOPICAL TERM | |
| Topical term or geographic name entry element | NEIGHBOUR DISPUTES |
| 650 ## - SUBJECT ADDED ENTRY--TOPICAL TERM | |
| Topical term or geographic name entry element | TREE PRESERVATION ORDERS (TPOs) |
| 650 ## - SUBJECT ADDED ENTRY--TOPICAL TERM | |
| Topical term or geographic name entry element | Rights of light |
| 9 (RLIN) | 6267 |
| 650 ## - SUBJECT ADDED ENTRY--TOPICAL TERM | |
| Topical term or geographic name entry element | TREE FELLING |
| 650 ## - SUBJECT ADDED ENTRY--TOPICAL TERM | |
| Topical term or geographic name entry element | SUBSIDENCE |
| 690 ## - LOCAL SUBJECT ADDED ENTRY--TOPICAL TERM (OCLC, RLIN) | |
| Topical term or geographic name as entry element | BUILT ENVIRONMENT-BUILDING INSPECTION |
| 942 ## - ADDED ENTRY ELEMENTS (KOHA) | |
| Suppress in OPAC | 0 |
| Withdrawn status | Lost status | Source of classification or shelving scheme | Damaged status | Not for loan | Home library | Current library | Shelving location | Date acquired | Total Checkouts | Full call number | Barcode | Date last seen | Copy number | Price effective from | Koha item type |
|---|---|---|---|---|---|---|---|---|---|---|---|---|---|---|---|
| Dewey Decimal Classification | London | London | Journal article | 24/02/2003 | ABS66412 | 121413-1001 | 06/08/2019 | 1 | 06/08/2019 | Journal article |